Fenomén moderného veku O fotografii a jej mieste v súčasnom kultúrnom dianí ; Eugen Lazišťan, Ivan Kozáček, Jaroslav Čiljak, Miroslav Tuleja, František Tomík, Mária Mišková, Jozef Keppert, Karol Kállay, Ladislav Noel, Ján Gyén, Marián Pauer

Bibliographic Details
Main Authors: Lazišťan, Eugen, 1917-2006 (Author), Kozáček, Ivan, 1923-2015 (Author), Čiljak, Jaroslav, 1933-2002 (Author), Tuleja, Miroslav, 1942- (Author), Tomík, František, 1941-2020 (Author), Mišková, Mária, 1954- (Author), Keppert, Jozef, 1946- (Author), Kállay, Karol, 1926-2012 (Author), Noel, Ladislav, 1922-1996 (Author), Gyén, Ján (Author), Pauer, Marián (Author)
Format: Article
Language:Slovak
Subjects:

MARC

LEADER 00000nab a2200000 a 4500
001 vtls000242027
003 SK-MaSNL
005 20260303231011.0
008 111130c1986 xo 0 slo
015 |a SNBRB19rr/mm-uuuuu 
035 |a CL0252141 
040 |a SNKBUCL  |b slo  |c SNKBUCL  |e AACR2 
041 0 |a slo 
044 |a xo  |c SK 
080 |a 77.04  |2 1981 
245 0 0 |a Fenomén moderného veku  |b O fotografii a jej mieste v súčasnom kultúrnom dianí ; Eugen Lazišťan, Ivan Kozáček, Jaroslav Čiljak, Miroslav Tuleja, František Tomík, Mária Mišková, Jozef Keppert, Karol Kállay, Ladislav Noel, Ján Gyén, Marián Pauer 
650 0 7 |a umelecká fotografia  |2 snkbucl  |9 29370 
650 0 7 |a amatérska fotografia  |2 snkbucl  |9 72795 
655 7 |a články z novín a časopisov  |2 snkbucl  |9 267496 
700 1 |a Lazišťan, Eugen,  |d 1917-2006  |4 aut  |9 114795 
700 1 |a Kozáček, Ivan,  |d 1923-2015  |4 aut  |9 112066 
700 1 |a Čiljak, Jaroslav,  |d 1933-2002  |4 aut  |9 172541 
700 1 |a Tuleja, Miroslav,  |d 1942-  |4 aut  |9 227565 
700 1 |a Tomík, František,  |d 1941-2020  |4 aut  |9 195200 
700 1 |a Mišková, Mária,  |d 1954-  |4 aut  |9 29374 
700 1 |a Keppert, Jozef,  |d 1946-  |4 aut  |9 26872 
700 1 |a Kállay, Karol,  |d 1926-2012  |4 aut  |9 93736 
700 1 |a Noel, Ladislav,  |d 1922-1996  |4 aut  |9 37107 
700 1 |a Gyén, Ján  |4 aut  |9 464152 
700 1 |a Pauer, Marián  |4 aut  |9 290055 
773 0 |t Nové slovo  |g Roč. 28, č. 11 (1986) 
850 |a Slovenská národná knižnica v Martine  |a MTA001 
852 |a SNK  |b KIS3GCP 
958 |a RK 
992 |a RBX 
999 |c 2264652  |d 2266582